|
|
|
|
| LEADER |
00668nab a2200181 i 4500 |
| 001 |
misc15202 |
| 005 |
20191106142549.0 |
| 008 |
170607s1931 hu o 0|| hun d |
| 040 |
|
|
|a SZTE Miscellanea Repozitórium
|b hun
|
| 041 |
|
|
|a hun
|
| 100 |
1 |
|
|a Meszlény Artur
|
| 245 |
1 |
0 |
|a Josef Kohler-Bibliographie
|h [elektronikus dokumentum] :
|b [könyvismertetés] /
|c Meszlény Artur
|
| 260 |
|
|
|c 1931
|
| 300 |
|
|
|a 379-380a
|
| 490 |
0 |
|
|a Polgári jog : a hazai és külföldi magánjog és hiteljog szemléje
|v 7
|
| 695 |
|
|
|a Jogtudomány német bibliográfia
|
| 700 |
0 |
1 |
|a Kohler Josef
|
| 856 |
4 |
0 |
|u http://misc.bibl.u-szeged.hu/15202/1/polgari_jog_1931_379-380a.pdf
|z Dokumentum-elérés
|